[Event "Canarias-ch U16 31st"]
[Site "Puerto de la Cruz"]
[Date "2013.04.27"]
[Round "5"]
[White "Cabrera Santana, Cesar"]
[Black "Capote Robayna, Johanna"]
[Result "0-1"]
[WhiteElo "1346"]
[BlackElo "1822"]
[PlyCount "54"]
[EventDate "2013.04.26"]
[EventType "swiss"]
[EventRounds "7"]
[EventCountry "ESP"]
[SourceTitle "EXT 2015"]
[Source "ChessBase"]
[SourceDate "2014.11.20"]
[SourceVersion "1"]
[SourceVersionDate "2014.11.20"]
[SourceQuality "1"]

1. d4 Nf6 2. c4 c5 3. d5 e6 4. Nc3 exd5 5. cxd5 d6 6. Nf3 g6 7. e4 Bg7 8. Be2 0-0 9. 0-0 Re8 10. Bb5 Nbd7 11. Bxd7 Bxd7 12. Re1 b5 13. Bg5 b4 14. Bxf6 Bxf6 15. Na4 Qa5 16. b3 Bxa1 17. Qxa1 Bxa4 18. bxa4 Qxa4 19. Qf6 Qd7 20. e5 dxe5 21. Rxe5 Rxe5 22. Nxe5 Qxd5 23. h3 Qe6 24. Qf4 Re8 25. Ng4 Rd8 26. Kh2 Qd6 27. Nf6+ Kh8 0-1

[Event "Benidorm Nuevas Generaciones U16 8th"]
[Site "Benidorm"]
[Date "2012.12.06"]
[Round "3"]
[White "Mandado Castelany, Marco"]
[Black "Capote Robayna, Johanna"]
[Result "1-0"]
[WhiteElo "1617"]
[BlackElo "1822"]
[PlyCount "67"]
[EventDate "2012.12.05"]
[EventType "swiss"]
[EventRounds "7"]
[EventCountry "ESP"]
[SourceTitle "EXT 2022"]
[Source "ChessBase"]
[SourceDate "2021.10.06"]
[SourceVersion "1"]
[SourceVersionDate "2021.10.06"]
[SourceQuality "1"]

1. e4 c5 2. Nf3 Nc6 3. d4 cxd4 4. Nxd4 g6 5. Nc3 Bg7 6. Be3 Nf6 7. Be2 0-0 8. 0-0 d6 9. Kh1 Bd7 10. Qd2 a6 11. f4 b5 12. a3 Rc8 13. Bf3 Na5 14. Be2 Bg4 15. Rab1 Bxe2 16. Qxe2 Nc4 17. Qd3 Nxe3 18. Qxe3 Ng4 19. Qd2 Rc4 20. Nce2 Qb6 21. c3 e5 22. h3 Nf6 23. Nc2 Nxe4 24. Qe3 Qxe3 25. Nxe3 Rc6 26. Nd5 Re8 27. Rbd1 Nc5 28. f5 Kf8 29. g4 e4 30. f6 Bh6 31. h4 g5 32. Nd4 Rcc8 33. Nf5 Nd3 34. Nxh6 1-0

[Event "ESP-ch U18"]
[Site "Salobrena"]
[Date "2012.07.25"]
[Round "4"]
[White "Capote Robayna, Johanna"]
[Black "Molina Rodriguez, Borja"]
[Result "0-1"]
[WhiteElo "1822"]
[BlackElo "2124"]
[PlyCount "72"]
[EventDate "2012.07.23"]
[EventType "swiss"]
[EventRounds "9"]
[EventCountry "ESP"]
[SourceTitle "EXT 2014"]
[Source "ChessBase"]
[SourceDate "2013.11.20"]
[SourceVersion "1"]
[SourceVersionDate "2013.11.20"]
[SourceQuality "1"]

1. e4 c5 2. Nf3 Nc6 3. d4 cxd4 4. Nxd4 Nf6 5. Nc3 e5 6. Ndb5 d6 7. Bg5 a6 8. Na3 b5 9. Bxf6 gxf6 10. Nd5 Bg7 11. Bd3 Ne7 12. Nxe7 Qxe7 13. c3 0-0 14. 0-0 f5 15. Nc2 Bb7 16. exf5 e4 17. Re1 d5 18. Bf1 Rad8 19. Nd4 b4 20. a3 bxc3 21. bxc3 Rc8 22. Re3 Qe5 23. Rb1 Rc7 24. Rb6 Bc8 25. Qh5 Re8 26. Rh3 h6 27. Rg3 Kh7 28. Bxa6 Bxa6 29. Rxa6 Qxd4 30. f6 Bxf6 31. Qf5+ Kh8 32. Qxf6+ Qxf6 33. Rxf6 Re6 34. Rf5 d4 35. c4 Rxc4 36. Kf1 Rec6 0-1

[Event "Canarias-ch (Women)"]
[Site "Tenerife"]
[Date "2011.06.10"]
[Round "4"]
[White "Gonzalez Perez, Cristina"]
[Black "Capote Robayna, Johanna"]
[Result "1-0"]
[WhiteElo "1691"]
[BlackElo "1763"]
[PlyCount "81"]
[EventDate "2011.06.08"]
[EventType "tourn"]
[EventRounds "7"]
[EventCountry "ESP"]
[SourceTitle "EXT 2013"]
[Source "ChessBase"]
[SourceDate "2012.11.22"]
[SourceVersion "1"]
[SourceVersionDate "2012.11.22"]
[SourceQuality "1"]

1. e4 c5 2. Nc3 Nc6 3. g3 g6 4. Bg2 Bg7 5. d3 e6 6. f4 Nge7 7. Nf3 0-0 8. 0-0 d5 9. e5 Bd7 10. Qe1 Rc8 11. g4 Nd4 12. Qf2 Nec6 13. Nd1 b5 14. c3 Nxf3+ 15. Bxf3 c4 16. d4 b4 17. Ne3 bxc3 18. bxc3 Ne7 19. Ba3 f5 20. gxf5 gxf5 21. Bh5 Be8 22. Qh4 Bxh5 23. Bxe7 Qe8 24. Bxf8 Bxf8 25. Rf2 Be7 26. Rg2+ Bg6 27. Qg3 Kh8 28. Rb1 Qd7 29. Qf2 Qd8 30. Rb7 Bh4 31. Qb2 Be7 32. Rxa7 Rb8 33. Rb7 Rxb7 34. Qxb7 Bh5 35. Qc6 Bf3 36. Rb2 Qg8+ 37. Kf1 Qf7 38. Rb8+ Kg7 39. Qe8 Qxe8 40. Rxe8 Kf7 41. Ra8 1-0

[Event "Canarias-ch (Women)"]
[Site "Tenerife"]
[Date "2011.06.08"]
[Round "1"]
[White "Garcia Rodriguez, Sara"]
[Black "Capote Robayna, Johanna"]
[Result "1-0"]
[WhiteElo "1975"]
[BlackElo "1763"]
[PlyCount "101"]
[EventDate "2011.06.08"]
[EventType "tourn"]
[EventRounds "7"]
[EventCountry "ESP"]
[SourceTitle "EXT 2013"]
[Source "ChessBase"]
[SourceDate "2012.11.22"]
[SourceVersion "1"]
[SourceVersionDate "2012.11.22"]
[SourceQuality "1"]

1. e4 c5 2. Nf3 Nc6 3. d4 cxd4 4. Nxd4 g6 5. Nc3 Bg7 6. Be3 Nf6 7. Be2 0-0 8. 0-0 d6 9. Kh1 Bd7 10. f4 Rc8 11. Qd2 a6 12. a4 Re8 13. Nb3 Be6 14. Nd4 Bd7 15. Bf3 Qc7 16. Qf2 Na5 17. Ne6 Bxe6 18. Bb6 Qb8 19. Bxa5 Nd7 20. Nd1 Rc5 21. Bb4 Rc4 22. c3 Nf6 23. Ne3 Rcc8 24. f5 Bd7 25. Ng4 Bc6 26. fxg6 hxg6 27. Nxf6+ Bxf6 28. Bg4 Rcd8 29. Ba5 Bxe4 30. Bxd8 Qxd8 31. Qe3 Bd5 32. Bf3 Bc4 33. Rfd1 b6 34. Bd5 Bxd5 35. Rxd5 Kg7 36. Qe2 a5 37. Rb5 Be5 38. Qe3 Rh8 39. h3 Qa8 40. Rf1 Qc6 41. Rf3 Qc4 42. b3 Qc6 43. Rxb6 Qc7 44. Ra6 Qb7 45. Rb6 Qc7 46. Rb5 f6 47. Qb6 Qc8 48. Qb7 Qe6 49. Qd5 Qc8 50. Rb7 Kf8 51. Ra7 1-0

[Event "Canarias-ch 29th"]
[Site "Amurga de San Fdo Maspal"]
[Date "2011.05.28"]
[Round "3"]
[White "Capote Robayna, Johanna"]
[Black "Guerra Arrocha, Daniel"]
[Result "0-1"]
[WhiteElo "1763"]
[BlackElo "1706"]
[PlyCount "81"]
[EventDate "2011.05.27"]
[EventType "swiss"]
[EventRounds "7"]
[EventCountry "ESP"]
[SourceTitle "EXT 2013"]
[Source "ChessBase"]
[SourceDate "2012.11.22"]
[SourceVersion "1"]
[SourceVersionDate "2012.11.22"]
[SourceQuality "1"]

1. e4 e6 2. d4 d5 3. exd5 exd5 4. Bd3 Bd6 5. Ne2 Nf6 6. Bf4 Bxf4 7. Nxf4 Qe7+ 8. Qe2 Qxe2+ 9. Kxe2 0-0 10. Re1 Nc6 11. c3 g5 12. Nh3 Bxh3 13. gxh3 Rfe8+ 14. Kf1 Rxe1+ 15. Kxe1 Nh5 16. f3 Nf4 17. Bf1 Ne7 18. Na3 Nf5 19. Nc2 Nh4 20. Kf2 Re8 21. Re1 Rxe1 22. Nxe1 c6 23. Nd3 Nxd3+ 24. Bxd3 f5 25. Kg3 f4+ 26. Kg4 h6 27. b3 b5 28. c4 b4 29. Bf5 Ng2 30. Be6+ Kg7 31. Kf5 Nh4+ 32. Ke5 Nxf3+ 33. Kd6 dxc4 34. bxc4 Nxd4 35. Bg4 f3 36. Bxf3 Nxf3 37. Kxc6 b3 38. axb3 Nd2 39. Kd5 Nxb3 40. c5 Nxc5 41. Kxc5 0-1

[Event "ESP-ch"]
[Site "El Sauzal"]
[Date "2010.09.07"]
[Round "4"]
[White "Capote Robayna, Nathaniel"]
[Black "Capote Robayna, Johanna"]
[Result "1/2-1/2"]
[WhiteElo "1960"]
[BlackElo "1740"]
[PlyCount "20"]
[EventDate "2010.09.04"]
[EventType "swiss"]
[EventRounds "9"]
[EventCountry "ESP"]
[SourceTitle "CBM 138 Extra"]
[Source "ChessBase"]
[SourceDate "2010.10.29"]
[SourceVersion "1"]
[SourceVersionDate "2010.10.29"]
[SourceQuality "1"]

1. e4 c5 2. d4 cxd4 3. Qxd4 Nc6 4. Qd1 g6 5. Nf3 Bg7 6. Bb5 d6 7. Bxc6+ bxc6 8. 0-0 Nf6 9. Nc3 0-0 10. Be3 Bd7 1/2-1/2

[Event "Canarias-ch U20 Girls"]
[Site "Vecindario"]
[Date "2010.06.12"]
[Round "6"]
[White "Capote Robayna, Johanna"]
[Black "Perez Castellano, Yaiza"]
[Result "1-0"]
[WhiteElo "1748"]
[BlackElo "1579"]
[PlyCount "91"]
[EventDate "2010.06.10"]
[EventType "tourn"]
[EventRounds "7"]
[EventCountry "ESP"]
[SourceTitle "EXT 2012"]
[Source "ChessBase"]
[SourceDate "2011.11.24"]
[SourceVersion "1"]
[SourceVersionDate "2011.11.24"]
[SourceQuality "1"]

1. e4 d5 2. exd5 Qxd5 3. Nc3 Qa5 4. d4 Nf6 5. Bc4 Bg4 6. Nge2 Nc6 7. f3 Be6 8. Bxe6 fxe6 9. 0-0 0-0-0 10. Be3 e5 11. d5 e6 12. d6 Bxd6 13. Qc1 Nd4 14. a3 Nxe2+ 15. Nxe2 e4 16. f4 Ng4 17. b4 Qh5 18. h3 Nf6 19. Nd4 e5 20. Nb5 b6 21. c4 a6 22. Na7+ Kb7 23. c5 Nd5 24. Nc6 Kxc6 25. cxd6+ Kxd6 26. fxe5+ Qxe5 27. Rd1 Ke6 28. Bd4 Qg3 29. Qc2 Qg6 30. Re1 Kf7 31. Rxe4 Rhe8 32. Qf2+ Kg8 33. Rg4 Qf7 34. Qxf7+ Kxf7 35. Rxg7+ Ke6 36. Re1+ Kd6 37. Rxe8 Rxe8 38. Rxh7 Re4 39. Rh6+ Kd7 40. Bf2 Rc4 41. h4 Rc3 42. h5 Rxa3 43. Rg6 Ne7 44. Rg7 Ke8 45. h6 Kf8 46. Rxe7 1-0

[Event "Canarias-ch U20 Girls"]
[Site "Vecindario"]
[Date "2010.06.10"]
[Round "1"]
[White "Capote Robayna, Johanna"]
[Black "Garcia Rodriguez, Sara"]
[Result "0-1"]
[WhiteElo "1748"]
[BlackElo "1838"]
[PlyCount "38"]
[EventDate "2010.06.10"]
[EventType "tourn"]
[EventRounds "7"]
[EventCountry "ESP"]
[SourceTitle "EXT 2012"]
[Source "ChessBase"]
[SourceDate "2011.11.24"]
[SourceVersion "1"]
[SourceVersionDate "2011.11.24"]
[SourceQuality "1"]

1. e4 c5 2. Nf3 Nc6 3. d4 cxd4 4. Nxd4 Nf6 5. Nc3 g6 6. f3 Bg7 7. Be3 0-0 8. Qd2 d6 9. g4 Bd7 10. 0-0-0 Rc8 11. h4 Nxd4 12. Bxd4 Qa5 13. h5 b5 14. hxg6 fxg6 15. Qh2 e5 16. Bxe5 dxe5 17. g5 Nh5 18. Rxd7 a6 19. Nd5 Qe1# 0-1

[Event "Gran Canaria Montalvo Memorial 3rd"]
[Site "Gran Canaria"]
[Date "2010.04.04"]
[Round "9"]
[White "Rodriguez Perez, David Antonio"]
[Black "Capote Robayna, Johanna"]
[Result "1-0"]
[WhiteElo "2032"]
[BlackElo "1724"]
[PlyCount "97"]
[EventDate "2010.03.29"]
[EventType "swiss"]
[EventRounds "9"]
[EventCountry "ESP"]
[SourceTitle "CBM 135 Extra"]
[Source "ChessBase"]
[SourceDate "2010.05.04"]
[SourceVersion "1"]
[SourceVersionDate "2010.05.04"]
[SourceQuality "1"]

1. d4 Nf6 2. Bg5 d6 3. Nd2 Nbd7 4. e4 g6 5. f4 Bg7 6. e5 Nd5 7. Qf3 N7b6 8. a3 c6 9. Bd3 dxe5 10. dxe5 0-0 11. 0-0-0 Na4 12. Nb3 b5 13. Bxb5 cxb5 14. Qxd5 Qc7 15. Qxb5 Bf5 16. Nd4 Bd7 17. Qd3 Rab8 18. b3 Nc5 19. Qc4 Qa5 20. Bxe7 Rfc8 21. Bxc5 Rxc5 22. Qd3 Qxa3+ 23. Kd2 Rbc8 24. Nge2 Bg4 25. h3 Bxe2 26. Kxe2 Qb4 27. c4 Qb7 28. Qf3 Qe7 29. Rhe1 Qh4 30. Kf1 Ra5 31. Qg4 Qxg4 32. hxg4 Bh6 33. g5 Bf8 34. Ra1 Rxa1 35. Rxa1 Rd8 36. Nc6 Rd3 37. Rxa7 Rxb3 38. Nd8 Rb4 39. Rc7 Rb1+ 40. Ke2 Rb2+ 41. Kf3 Rb3+ 42. Ke4 Rg3 43. Nxf7 Rxg2 44. Nh6+ Bxh6 45. gxh6 Rh2 46. Rg7+ Kh8 47. e6 Rxh6 48. e7 Kxg7 49. e8Q 1-0